| 000 | 00734nas a22001937u 4500 | ||
|---|---|---|---|
| 001 | Rev481 | ||
| 008 | 970709c19899999sp r0p 0 b0spa | ||
| 022 | _a1136-4343 | ||
| 222 | 0 | _aTorre de los Lujanes | |
| 245 | 0 | 0 |
_aTorre de los Lujanes _c Real Sociedad Económica Matritense de Amigos del País |
| 260 |
_aMadrid _b: R.S.E. Matritense de Amigos del País, _c1989- |
||
| 310 | _aIrregular | ||
| 362 | 1 | _a1989- | |
| 650 | 0 | 4 |
_aOpinión Pública _vPublicaciones periódicas _91805 |
| 650 | 0 | 4 |
_aCultura _vPublicaciones periódicas _91618 |
| 710 | 2 |
_aReal Sociedad Económica Matritense de Amigos del País _91806 |
|
| 780 | 0 | 0 |
_tBoletín de la Real Sociedad Económica Matritense de Amigos del País. _xISSN 1136-4408 |
| 942 | _cREV | ||
| 999 |
_c211522 _d211522 |
||